Olho de peixe: a família mixirica (Record no. 191370)

MARC details
000 -LÍDER
campo de controle de tamanho fixo 00330 a2200145 4500
001 - NÚMERO DE CONTROLE
campo de controle 191370
020 ## - ISBN - INTERNATIONAL STANDARD BOOK NUMBER
ISBN - International Standard Book Number
040 ## - FONTE DA CATALOGAÇÃO
Instituição que transcreveu o registro Magnum
100 ## - ENTRADA PRINCIPAL--NOME PESSOAL
Nome pessoal Santoro, Ângela
240 10 - TÍTULO UNIFORME
Título uniforme Olho de peixe: a família mixirica
Idioma da obra por
245 10 - TÍTULO
Título Olho de peixe: a família mixirica
300 ## - DESCRIÇÃO FÍSICA
Extensão 22
697 ## - ENTRADA DE ASSUNTO LOCAL--ENTIDADE COLETIVA (RLIN)
Nome corporativo ou nome da jurisdição LITERATURA INFANTO
942 ## - ELEMENTOS DE ENTRADA ADICIONADOS (KOHA)
Tipo de material Koha Livros
Holdings
Situação do descarte Situação das perdas Situação física Não pode ser emprestado Biblioteca de origem Biblioteca atual Data de aquisição Total de empréstimos Número de chamada completo Código de barras Data de último acesso Data do preço efetivo Tipo de material Koha
        Magnum Magnum 08/06/2024   869.1.1321 MAG00068757 08/06/2024 08/06/2024 Livros